A .Bailey (Record no. 561877)
[ view plain ]
| 000 -LEADER | |
|---|---|
| fixed length control field | 00366nam a2200157Ia 4500 |
| 008 - FIXED-LENGTH DATA ELEMENTS--GENERAL INFORMATION | |
| fixed length control field | 210430s9999 xx 000 0 und d |
| 020 ## - INTERNATIONAL STANDARD BOOK NUMBER | |
| International Standard Book Number | 7/8/11 |
| 100 ## - MAIN ENTRY--PERSONAL NAME | |
| Personal name | 662.2 B152 E |
| 245 #2 - TITLE STATEMENT | |
| Title | A .Bailey |
| Statement of responsibility, etc. | 662.2 B152 E |
| 250 ## - EDITION STATEMENT | |
| Edition statement | 187P |
| 260 ## - PUBLICATION, DISTRIBUTION, ETC. | |
| Place of publication, distribution, etc. | Brassey s |
| 300 ## - PHYSICAL DESCRIPTION | |
| Extent | Explosives, Propellants &Pyrotechnics |
| 650 ## - SUBJECT ADDED ENTRY--TOPICAL TERM | |
| Topical term or geographic name entry element | UK |
| 856 ## - ELECTRONIC LOCATION AND ACCESS | |
| Uniform Resource Identifier | <a href="BK">BK</a> |
| 942 ## - ADDED ENTRY ELEMENTS (KOHA) | |
| Koha item type | |
| Source of classification or shelving scheme | |
| Withdrawn status | Lost status | Damaged status | Not for loan | Permanent Location | Current Location | Shelving location | Date acquired | Total Checkouts | Barcode | Date last seen | Price effective from | Koha item type |
|---|---|---|---|---|---|---|---|---|---|---|---|---|
| School of Chemical & Materials Engineering (SCME) | School of Chemical & Materials Engineering (SCME) | 04/30/2021 | SCME-731 | 04/30/2021 | 04/30/2021 | Book |
